• 首页
  • 本馆介绍
  • 公告通知
  • 最新文献
  • 馆藏检索
  • 电子资源
  • 读者导购
  • 参考咨询
  • 我的图书馆
  • 登录
  • 详细信息显示
  • 放入我的书架
  • 预约/预借图书
  • 作者相关作品
  • 分类相关作品
  • 丛书相关作品
  • 出版社相关作品

书目信息

  • 表格格式
  • 工作单格式
  • 卡片格式
题名:
汽车运输企业经营管理实务
    
 
作者: 温欢扬 主编
分册:  
出版信息: 北京   人民交通出版社  2007
页数: 287页
开本: 26cm
丛书名:
单 册:
中图分类: F241-05 , F542.6
科图分类:
主题词: 劳动力资源--资源管理--管理心理学--高等学校--技术学校--教材 , 资源管理 , 公路运输 , 经济管理 , 陆路运输--运输经济 , 公路运输--运输经济
电子资源:
ISBN: 978-7-114-06417-3
000 01117nam0 2200313 450
000 01043nam0 2200289 450
000 00973nam0 2200265 450
000 00937oam2 2200253 45
005 20070727173438.19
010    @a978-7-114-06417-3@dCNY36.00
100    @a20070630d2007 em y0chiy0120 ea
101 0  @achi
102    @aCN@b110000
105    @ay z 000yy
200 1  @a汽车运输企业经营管理实务@Aqi che yun shu qi ye jing ying guan li shi wu@f温欢扬主编@Fwen huan yang zhu bian
210    @a北京@c人民交通出版社@d2007
215    @a287页@d26cm
330    @a本书介绍了汽车运输企业学理论与方法在人力资源开发与管理中的应用,具本包括心理学在员工招聘、开发与培训、员工激励、职业生涯管理、绩效管理、留人、沟通与冲突、员工心理健康等领域的应用。
606 0  @a劳动力资源@x资源管理@x管理心理学@x高等学校@x技术学校@j教材
606 0  @a资源管理
606 0  @a公路运输
606 0  @a经济管理
606 0  @a陆路运输@x运输经济
606 0  @a公路运输@x运输经济
690    @aF241-05@v4
690    @aF542.6@v3
701  0 @a温欢扬@Awen huan yang@4主编
801  0 @aCN@bTAOJIN@c20070727
905    @a10447@dF542.6@e5
    
    汽车运输企业经营管理实务/温欢扬主编.-北京:人民交通出版社,2007
    287页;26cm
    
    
    ISBN 978-7-114-06417-3:CNY36.00
    本书介绍了汽车运输企业学理论与方法在人力资源开发与管理中的应用,具本包括心理学在员工招聘、开发与培训、员工激励、职业生涯管理、绩效管理、留人、沟通与冲突、员工心理健康等领域的应用。
●
相关链接 在E读中查询图书 在五车中查询图书 在当当中查询图书 在豆瓣中查询图书


正题名:汽车运输企业经营管理实务     索取号:F542.6/5         预约/预借

序号 登录号 条形码 馆藏地/架位号 状态 备注
1 0822093   208220931   第一样本阅览室/ [索取号:F542.6/5] 在馆    
2 0822094   208220940   第一借阅区/ [索取号:F542.6/5] 在馆    
3 0822095   208220959   第一借阅区/ [索取号:F542.6/5] 在馆    
4 0822096   208220968   第一借阅区/ [索取号:F542.6/5] 在馆    
5 0822097   208220977   第一借阅区/ [索取号:F542.6/5] 在馆    
唐山师范学院图书馆 欢迎您!
大连网信软件有限公司© 版权所有